Cuadernos de lengua y literatura. volumen 3 /

Guardado en:
Autor Principal: Ortíz, Mario
Formato: Libro
Publicado: Bahía Blanca : El Calamar
Materias:
Etiquetas: Agregar Etiqueta
Sin Etiquetas, Sea el primero en etiquetar este registro!
LEADER 00510nam a22001815a 4500
001 CEM.cems011603
005 20071022114138.0
008 130507b######################000#0#####d
003 CEMS
082 0 4 |a FA860 
100 1 |a Ortíz, Mario 
245 1 0 |a Cuadernos de lengua y literatura. volumen 3 /  |c Mario Ortíz 
260 |a Bahía Blanca :  |b El Calamar 
300 |a 23 p. 
653 |a Literatura 
653 |a Bahía blanca-literatura 
653 |a Poesía 
859 |a CEMS  |b BIB. CEMS - 11 de abril  |h FA860  |i 36  |p 2035.44  |t Ej.1